=LDR 00000nam 2200000 4500 =001 INLIS000000000026212 =005 20210915082938 =035 ##$$a 0010-061300000026212 =008 210915################g##########0#ind## =041 ##$$a Ind =082 ##$$a 297.67 =090 ##$$a 2x7.42, Isl i =245 ##$$a Islam dan pembaharuan : $b Ensiklopedi masalah-masalah /$c Penyunting : John. J Donohue, John L.Esposito ; Penerjemah Machnun Husein =260 ##$$a Jakarta :$b RajaGrafindo Persada,$c 1995 =300 ##$$a xlvi, 584 hlm. ; $c 13x20 cm. =650 #4$$a Islam-Perkembangan =850 ##$$a NBPNMAT =020 ##$$a 979-421-202-4 =084 ##$$a 297.67 Isl i =700 #$$a Husein, Machnun =250 ##$$a cet.5 =990 ##$$a 99.184/Pro.96 =990 ##$$a 09650965